Najdroższe transfery FC Barcelony - Statystyki

Ogólne statystyki
  • Ten quiz został rozwiązany 540 razy
  • Średni wynik to 8 z 10
Statystyki odpowiedzi
Piłkarz Narodowość Sezon Klub oddający Kwota % Poprawnych
Neymar Brazylia 2013/14 Santos 88,00 mln €
97%
Luis Suárez Urugwaj 2014/15 FC Liverpool 81,72 mln €
92%
Ousmane Dembélé Francja 2017/18 Borussia Dortmund 148,00 mln €
92%
Antoine Griezmann Francja 2019/20 Atlético Madryt 120,00 mln €
85%
Frenkie de Jong Holandia 2019/20 Ajax Amsterdam 86,00 mln €
84%
Philippe Coutinho Brazylia 2017/18 FC Liverpool 135,00 mln €
82%
Zlatan Ibrahimović Szwecja 2009/10 Inter Mediolan 69,50 mln €
81%
Dani Olmo Hiszpania 2024/25 RB Leipzig 55,00 mln €
80%
Raphinha Brazylia 2022/23 Leeds United 58,00 mln €
72%
Miralem Pjanić Bośnia i Hercegowina 2020/21 Juventus Turyn 60,00 mln €
67%
Nie znaleziono quizów pasujących do podanych kryteriów
Rozkład punktacji
Procent ludzi z każdym wynikiem
Percentyl według liczby udzielonych odpowiedzi
Twoja historia wyników
Nie rozwiązałeś tego quizu